000 00389nam a2200169Ia 4500
008 230524s9999 xx 000 0 und d
020 _a9788131791073
082 _bNEV
100 _aA.M.Neville
245 0 _aProperties of Concrete
250 _a1
260 _aNew Delhi
_bPearson
_c2016
300 _a"XIV,799p;"
500 _aQuantity Number: 2
650 _aCivil
942 _cBK
999 _c56583
_d56583